Telemedicínsky systém

Enregistré dans:
Détails bibliographiques
Auteur principal: Hlaváček, Vladimír, 1985- (Auteur)
Autres auteurs: Vojtek, Vladimír, 1954- (Directeur de thèse)
Format: Manuscrit Livre
Langue:slovaque
Publié: STU v Bratislave FIIT, 2008
Sujets:
Tags: Ajouter un tag
Pas de tags, Soyez le premier à ajouter un tag!

MARC

LEADER 00000ntm a22000003a 4500
001 stu166264
005 20180412133216.2
008 080702s2008----xo------------------slo-d
040 |a STU  |b slo 
041 0 |a slo 
044 |a xo 
100 1 |a Hlaváček, Vladimír,  |d 1985-  |4 aut  |u I200  |U FIIT Fakulta informatiky a informačných technológií  |T FIIT Ústav informatiky a softvérového inžinierstva  |X 30699  |U I200  |Y 179  |7 A000030699 
245 1 |a Telemedicínsky systém 
260 |b STU v Bratislave FIIT,  |c 2008 
300 |a 89 s  |c príl. 
650 7 |a softvérové inžinierstvo  |2 stusub 
700 1 |a Vojtek, Vladimír,  |d 1954-  |4 ths  |u I300  |U FIIT Fakulta informatiky a informačných technológií  |T FIIT Ústav aplikovanej informatiky  |X 1930  |U I300  |Y 180  |7 A000001930 
996 |c I*DP18/08  |l II680  |s P  |a 0  |w stu166264_0001